MARC
| LEADER | 000000000a22000000004500 | ||
|---|---|---|---|
| 001 | 009039 | ||
| 041 | 0 | |a spa | |
| 100 | 1 | |a Sánchez Corrales, Víctor Manuel, |d 1947- | |
| 245 | 1 | 3 | |a La lengua española en la educación costarricense, redefinición / |c Víctor Manuel Sánchez Corrales. |
| 310 | |a semestral | ||
| 650 | 4 | |a ESPAÑOL | |
| 773 | 0 | |x 0377-628X |d San José, Costa Rica : Editorial Universidad de Costa Rica |t Revista de Filología y Lingüística de la Universidad de Costa Rica |g volumen XV, número 2 (1989), páginas 155-161 | |
| 942 | |c ARC | ||
| 999 | |c 14974 |d 14974 | ||
